| 000 | 00563nam a2200145Ia 4500 | ||
|---|---|---|---|
| 005 | 20260209120128.0 | ||
| 008 | 260209s9999||||xx |||||||||||||| ||und|| | ||
| 100 | _aNaweed Akhter | ||
| 245 | 0 | _aFDI & tax incentives in real estate business | |
| 260 |
_aBangaloreBangalore _bNLSIU _c2010 |
||
| 300 | _a117 p. ; 25 cm. | ||
| 650 | _aForeign Direct Investment - Real Estate - India Real Estate Business - India Real Estate Instruments | ||
| 700 | _aProf. (Dr.) N L Mitra - GuideProf. (Dr.) N L Mitra - Guide | ||
| 856 | _uhttps://dans.nls.ac.in/handle/123456789/1979 | ||
| 999 |
_c216925 _d216925 |
||